Umí organizace destinačního managementu prosadit svá videa na YouTube? (Komparativní studie)
Videoobsah a jeho konzumácia patrí k trendom posledných rokov. V marketingu destinácie je video veľmi účinné a v kombinácii so sociálnymi sieťami dokáže zasiahnuť široké publikum. Najvýznamnejšou platformou pre zdieľanie videí je YouTube, ktorý je predmetom skúmania štúdie. Cieľ výskumu - zistiť, ak...
Guardado en:
| Autor principal: | |
|---|---|
| Otros Autores: | |
| Formato: | Capítulo de libro |
| Lenguaje: | checo |
| Materias: | |
| Etiquetas: |
Sin Etiquetas, Sea el primero en etiquetar este registro!
|
MARC
| LEADER | 00000naa a2200000 4500 | ||
|---|---|---|---|
| 001 | 0262654 | ||
| 005 | 20200226125056.6 | ||
| 041 | 0 | |a cze | |
| 044 | |a CZ | ||
| 245 | 1 | 0 | |a Umí organizace destinačního managementu prosadit svá videa na YouTube? (Komparativní studie) |c Zuzana Kvítková, Marek Plačko |
| 520 | |a Videoobsah a jeho konzumácia patrí k trendom posledných rokov. V marketingu destinácie je video veľmi účinné a v kombinácii so sociálnymi sieťami dokáže zasiahnuť široké publikum. Najvýznamnejšou platformou pre zdieľanie videí je YouTube, ktorý je predmetom skúmania štúdie. Cieľ výskumu - zistiť, aká je úspešnosť organizácií destinačného manažmentu v prezentácii destinácie na YouTube a ako sa táto úspešnosť zmenila v čase, konkrétne za posledných 9 rokov. Analyzovaná vzorka 320 videí. Výsledok výskumu - YouTube ako náročné a ťažko uchopiteľné médium pre organizácie destinačného manažmentu. | ||
| 610 | 2 | 0 | |a ruch cestovný |
| 610 | 2 | 0 | |a manažment destinačný |
| 610 | 2 | 0 | |a marketing |
| 610 | 2 | 0 | |a propagácia |
| 610 | 2 | 0 | |a film |
| 610 | 2 | 0 | |a výskum |
| 610 | 2 | 0 | |a štúdie |
| 100 | 1 | |a Kvítková, Zuzana | |
| 700 | 1 | |a Plačko, Marek | |